| 000 | 00450nam a22001817a 4500 | ||
|---|---|---|---|
| 003 | MPLRDC | ||
| 005 | 20220104125621.0 | ||
| 008 | 210129b ||||| |||| 00| 0 eng d | ||
| 020 | _a957-10-2502-X | ||
| 082 | _a179.1 TX | ||
| 100 | _a谈星编辑部 | ||
| 245 |
_a恶女专用心理测验 _c |
||
| 250 | _a初版 | ||
| 260 |
_a台湾 _b尖端出版股份有限公司 _c2002 |
||
| 300 | _b190 | ||
| 650 | _a心理测验 | ||
| 942 |
_cBK _o179.1 TX |
||
| 999 |
_c28781 _d28771 |
||